00595nam a2200193Ia 4500008004100000020000700041082001200048100002400060245003700084250000700121260003900128300001800167500000700185600003300192650002800225942000700253952012600260999001500386240925s9999 xx 000 0 und d aNA a423 KIR aKirkpatrick,, Betty 4athe oxford paper back thesaurus  aNA aOxford:bOxford Universityc,1994. a909p.bNAfNA aNA aHumanities & Natural Science aEnglish and Old English cBK 011440708HUMaUITUbUITUd1997-01-28eOxford University Press l0o423 KIRpQ1363r2024-09-25 07:12:24w2024-09-25yBK c3862d3862